000 00704nam a22001935i 4500
001 170222
003 ES-MaACL
005 20230906214325.0
008 090213s1882 sp |||| | spa d
080 _a782.1
100 0 _aBarbier, Jules.
_925457
245 1 0 _aFrançoise de Rimini
_b: opéra en quatre actes avec prologue et épilogue /
_cparoles de Jules Barbier et Michel Carré ; musique de Ambroise Thomas.
260 _aParis :
_bCalmann Lévy,
_c1882.
300 _a64 p. ;
_c18 cm.
650 1 4 _aÓperas-
_vLibretos.
_9137584
700 1 _aCarré, Michel.
_9138040
700 1 _aThomas, Ambroise.
_9138039
852 _aES-MaACL
_j2247-F-23
_9R.140985
_z.- Biblioteca Jacinto Martínez Lacalle
999 _c170222
_d170222